| 000 | 00329nam a22001217a 4500 | ||
|---|---|---|---|
| 082 |
_a388 _bNAT _cD |
||
| 245 | _aTransportation programming and management | ||
| 260 |
_aWashington _bThe world bank _c1976 |
||
| 300 |
_a78 p. : _bill, ; _c20 cm |
||
| 526 |
_a0 _b0 _c0 _d388_000000000000000_NAT |
||
| 650 | _aMCE (D) | ||
| 942 |
_2ddc _cBK |
||
| 999 |
_c542998 _d542998 |
||